Analýza výdavkov verejnej správy na vzdelávanie na Slovensku bakalárska práca

Salvato in:
Dettagli Bibliografici
Autore principale: Konrádová, Adriána
Ente Autore: Fakulta hospodárskej informatiky EU. Katedra štatistiky
Altri autori: Sušienková, Katarína, 1967-
Natura: Libro
Lingua:slovacco
Pubblicazione: Bratislava 2016
Tags: Aggiungi Tag
Nessun Tag, puoi essere il primo ad aggiungerne!!

MARC

LEADER 00000nbm a2200000 4500
001 0219114
005 20170320150356.6
041 0 |a slo 
044 |a SK 
245 1 0 |a Analýza výdavkov verejnej správy na vzdelávanie na Slovensku  |b bakalárska práca  |c Adriána Konrádová ; školiteľ: Katarína Sušienková 
264 1 |a Bratislava  |c 2016 
300 |a 48 s. 
100 1 |a Konrádová, Adriána 
700 1 |a Sušienková, Katarína, 1967- 
710 2 |a Fakulta hospodárskej informatiky EU. Katedra štatistiky